UFC Event Host Cities - Statistics

General Stats
  • This quiz has been taken 49 times
  • The average score is 96 of 250
Answer Stats
Arena First Event Hosted # of Events Host City % Correct
Bellagio UFC 37.5: As Real As It GetsJun 22, 2002 1 Las Vegas, Nevada
90%
Cox Pavilion The Ultimate Fighter: Team Couture vs. Team Liddell FinaleApr 9, 2005 2 Las Vegas, Nevada
90%
Hard Rock Hotel and Casino UFC Ultimate Fight Night 2Oct 3, 2005 8 Las Vegas, Nevada
90%
Mandalay Bay Events Center UFC 33: Victory in VegasSep 28, 2001 30 Las Vegas, Nevada
90%
MGM Grand Garden Arena UFC 34: High VoltageNov 2, 2001 43 Las Vegas, Nevada
90%
Palms Casino Resort UFC Fight Night: Stevenson vs. GuillardApr 5, 2007 18 Las Vegas, Nevada
90%
Park Theater The Ultimate Fighter: A New World Champion FinaleDec 1, 2017 1 Las Vegas, Nevada
90%
Pearl Theatre The Ultimate Fighter: Heavy Hitters FinaleNov 30, 2018 1 Las Vegas, Nevada
90%
Red Rock Resort Spa and Casino UFC Fight Night 6Aug 17, 2006 1 Las Vegas, Nevada
90%
Sphere UFC 306: O'Malley vs. DvalishviliSep 14, 2024 1 Las Vegas, Nevada
90%
T-Mobile Arena UFC 200: Tate vs. NunesJul 9, 2016 33 Las Vegas, Nevada
90%
The Chelsea at The Cosmopolitan UFC Fight Night: Namajunas vs. VanZantDec 10, 2015 2 Las Vegas, Nevada
90%
The Theater at Virgin Hotels UFC Fight Night: Yan vs. DvalishviliMar 11, 2023 1 Las Vegas, Nevada
90%
Thomas & Mack Center UFC 43: MeltdownJun 6, 2003 1 Las Vegas, Nevada
90%
UFC Apex UFC on ESPN: Woodley vs. BurnsMay 30, 2020 116 Las Vegas, Nevada
90%
Royal Albert Hall UFC 38: Brawl at the HallJul 13, 2002 1 London, England
80%
The O2 Arena UFC 75: Champion vs. ChampionSep 8, 2007 14 London, England
80%
Wembley Arena UFC on Fuel TV: Barão vs. McDonaldFeb 16, 2013 1 London, England
80%
Kaseya Center UFC 42: Sudden ImpactApr 25, 2003 4 Miami, Florida
80%
Crypto.com Arena UFC 60: Hughes vs. GracieMay 27, 2006 3 Los Angeles, California
78%
Staples Center UFC 184: Rousey vs. ZinganoFeb 28, 2015 2 Los Angeles, California
78%
American Airlines Center UFC 103: Franklin vs. BelfortSep 19, 2009 6 Dallas, Texas
76%
Rogers Centre UFC 129: St-Pierre vs. ShieldsApr 30, 2011 1 Toronto, Ontario
71%
Scotiabank Arena UFC 140: Jones vs. MachidaDec 10, 2011 6 Toronto, Ontario
71%
Toyota Center UFC 69: ShootoutApr 7, 2007 9 Houston, Texas
68%
Arena CDMX UFC 180: Werdum vs. HuntNov 15, 2014 7 Mexico City, Mexico
68%
United Center UFC on Fox: Evans vs. DavisJan 28, 2012 8 Chicago, Illinois
66%
Accor Arena UFC Fight Night: Gane vs. TuivasaSep 3, 2022 4 Paris, France
66%
General Motors Place UFC 115: Liddell vs. FranklinJun 12, 2010 1 Vancouver, British Columbia
63%
Rogers Arena UFC 131: dos Santos vs. CarwinJun 11, 2011 6 Vancouver, British Columbia
63%
Philips Arena UFC 145: Jones vs. EvansApr 21, 2012 2 Atlanta, Georgia
61%
State Farm Arena UFC 88: BreakthroughSep 6, 2008 3 Atlanta, Georgia
61%
AO Arena UFC 204: Bisping vs. Henderson 2Oct 8, 2016 1 Manchester, England
61%
Co-op Live UFC 304: Edwards vs. Muhammad 2Jul 27, 2024 1 Manchester, England
61%
Manchester Evening News Arena UFC 70: Nations CollideApr 21, 2007 2 Manchester, England
61%
Phones 4u Arena UFC Fight Night: Machida vs. MuñozOct 26, 2013 1 Manchester, England
61%
Madison Square Garden UFC 205: Alvarez vs. McGregorNov 12, 2016 8 New York City, New York
61%
Delta Center UFC 291: Poirier vs. Gaethje 2Jul 29, 2023 2 Salt Lake City, Utah
61%
Vivint Smart Home Arena UFC Fight Night: Rodríguez vs. CaceresAug 6, 2016 2 Salt Lake City, Utah
61%
Capital One Arena UFC Live: Cruz vs. JohnsonOct 1, 2011 2 Washington, D.C.
61%
TD Garden UFC 118: Edgar vs. Penn 2Aug 28, 2010 7 Boston, Massachusetts
59%
Farmasi Arena UFC 153: Silva vs. BonnarOct 13, 2012 3 Rio de Janeiro, Brazil
59%
Ginásio do Maracanãzinho UFC 179: Aldo vs. Mendes 2Oct 25, 2014 2 Rio de Janeiro, Brazil
59%
HSBC Arena UFC 134: Silva vs. OkamiAug 27, 2011 4 Rio de Janeiro, Brazil
59%
Jeunesse Arena UFC 212: Aldo vs. HollowayJun 3, 2017 4 Rio de Janeiro, Brazil
59%
Climate Pledge Arena UFC Fight Night: Nogueira vs. DavisMar 26, 2011 4 Seattle, Washington
59%
Qudos Bank Arena UFC 110: Nogueira vs. VelasquezFeb 21, 2010 7 Sydney, Australia
59%
Concert Arena UFC 112: InvincibleApr 10, 2010 1 Abu Dhabi, United Arab Emirates
56%
du Forum UFC 251: Usman vs. MasvidalJul 12, 2020 9 Abu Dhabi, United Arab Emirates
56%
Etihad Arena UFC on ABC: Holloway vs. KattarJan 16, 2021 9 Abu Dhabi, United Arab Emirates
56%
Etihad Park UFC Fight Night: Nogueira vs. NelsonApr 11, 2014 1 Abu Dhabi, United Arab Emirates
56%
The Arena on Yas Island UFC 242: Khabib vs. PoirierSep 7, 2019 1 Abu Dhabi, United Arab Emirates
56%
Frank Erwin Center UFC Fight Night: Marquardt vs. PalharesSep 15, 2010 3 Austin, Texas
56%
Moody Center UFC on ESPN: Kattar vs. Emmett 2 Austin, Texas
56%
Uber Arena UFC Fight Night: Muñoz vs. MousasiMay 31, 2014 2 Berlin, Germany
56%
3Arena UFC 93: Franklin vs. HendersonJan 17, 2009 3 Dublin, Ireland
56%
CSKA Arena UFC Fight Night: Magomedsharipov vs. KattarNov 9, 2019 1 Moscow, Russia
56%
Olimpiyskiy Stadium UFC Fight Night: Hunt vs. OleinikSep 15, 2018 1 Moscow, Russia
56%
Amway Center UFC on Fox: Werdum vs. BrowneApr 19, 2014 3 Orlando, Florida
56%
Kia Center UFC on ESPN: Thompson vs. HollandDec 3, 2022 1 Orlando, Florida
56%
AT&T Center UFC Fight Night: Swanson vs. StephensJun 28, 2014 2 San Antonio, Texas
56%
Frost Bank Center UFC on ESPN: Vera vs. SandhagenMar 25, 2023 2 San Antonio, Texas
56%
VyStar Veterans Memorial Arena UFC 249: Ferguson vs. GaethjeMay 9, 2020 6 Jacksonville, Florida
54%
Sprint Center UFC on Fox: Johnson vs. ReisApr 15, 2017 1 Kansas City, Missouri
54%
T-Mobile Center UFC on ESPN: Holloway vs. AllenApr 15, 2023 2 Kansas City, Missouri
54%
Bell Centre UFC 83: Serra vs. St-Pierre 2 8 Montreal, Quebec
54%
Ernest N. Morial Convention Center UFC Fight Night: Shields vs. EllenbergerSep 17, 2011 1 New Orleans, Louisiana
54%
Lakefront Arena UFC 27: Ultimate Bad BoyzSep 22, 2000 1 New Orleans, Louisiana
54%
Pontchartrain Center UFC 16: Battle in the BayouMar 13, 1998 2 New Orleans, Louisiana
54%
Smoothie King Center UFC Fight Night: Boetsch vs. HendersonJun 6, 2015 2 New Orleans, Louisiana
54%
Perth Arena UFC 221: Romero vs. RockholdFeb 11, 2018 1 Perth, Australia
54%
RAC Arena UFC 284: Makhachev vs. VolkanovskiFeb 12, 2023 3 Perth, Australia
54%
Footprint Center UFC 274: Oliveira vs. GaethjeMay 7, 2022 1 Phoenix, Arizona
54%
Talking Stick Resort Arena UFC Fight Night: Rodríguez vs. PennJan 15, 2017 2 Phoenix, Arizona
54%
U.S. Airways Center UFC on Fox: dos Santos vs. MiocicDec 13, 2014 1 Phoenix, Arizona
54%
Ginásio da Portuguesa UFC Brazil: Ultimate BrazilOct 16, 1998 1 São Paulo, Brazil
54%
Ginásio do Ibirapuera UFC on FX: Belfort vs. BispingJan 19, 2013 9 São Paulo, Brazil
54%
Differ Ariake Arena UFC 29: Defense of the BeltsDec 16, 2000 1 Tokyo, Japan
54%
Tokyo Bay NK Hall UFC 23: Ultimate Japan 2Nov 19, 1999 1 Tokyo, Japan
54%
Yoyogi National Gymnasium UFC 25: Ultimate Japan 3Apr 14, 2000 1 Tokyo, Japan
54%
Ball Arena UFC 150: Henderson vs. Edgar IIAug 11, 2012 2 Denver, Colorado
51%
Mammoth Gardens UFC 2: No Way OutMar 11, 1994 2 Denver, Colorado
51%
McNichols Sports Arena UFC 1: The BeginningNov 12, 1993 1 Denver, Colorado
51%
Pepsi Center UFC 135: Jones vs. RampageSep 24, 2011 3 Denver, Colorado
51%
Cobo Arena UFC 9: Motor City MadnessMay 17, 1996 1 Detroit, Michigan
51%
Little Caesars Arena UFC 218: Holloway vs. Aldo 2Dec 2, 2017 1 Detroit, Michigan
51%
The Palace of Auburn Hills UFC 123: Rampage vs. MachidaNov 20, 2010 1 Detroit, Michigan
51%
Marvel Stadium UFC 193: Rousey vs. HolmNov 15, 2015 2 Melbourne, Australia
51%
Rod Laver Arena UFC Fight Night: Whittaker vs. BrunsonNov 27, 2016 2 Melbourne, Australia
51%
Mercedes-Benz Arena UFC Fight Night: Bisping vs. GastelumNov 25, 2017 1 Shanghai, China
51%
Shanghai Indoor Stadium UFC Fight Night: Walker vs. ZhangAug 23, 2025 1 Shanghai, China
51%
Cadillac Arena UFC Fight Night: Blaydes vs. Ngannou 2 1 Beijing, China
49%
Target Center UFC 87: Seek and DestroyAug 9, 2008 3 Minneapolis, Minnesota
49%
ARCO Arena UFC 65: Bad IntentionsNov 18, 2006 2 Sacramento, California
49%
Golden 1 Center UFC on Fox: VanZant vs. WatersonDec 17, 2016 2 Sacramento, California
49%
Sleep Train Arena UFC on Fox: Johnson vs. Benavidez 2Dec 14, 2013 2 Sacramento, California
49%
Enterprise Center UFC on ESPN: Lewis vs. NascimentoMay 11, 2024 1 St. Louis, Missouri
49%
Scottrade Center UFC Fight Night: Stephens vs. ChoiJan 14, 2018 1 St. Louis, Missouri
49%
Bojangles Coliseum UFC Fight Night: Florian vs. GomiMar 31, 2010 1 Charlotte, North Carolina
46%
Grady Cole Center UFC 3: The American DreamSep 9, 1994 1 Charlotte, North Carolina
46%
Independence Arena UFC 5: The Return of the BeastApr 7, 1995 1 Charlotte, North Carolina
46%
Spectrum Center UFC on Fox: Jacaré vs. Brunson 2Jan 27, 2018 2 Charlotte, North Carolina
46%
Bridgestone Arena UFC on FX: Guillard vs. MillerJan 20, 2012 6 Nashville, Tennessee
46%
Sommet Center UFC Fight Night: Condit vs. KampmannApr 1, 2009 1 Nashville, Tennessee
46%
Baltimore Arena UFC 172: Jones vs. TeixeiraApr 26, 2014 1 Baltimore, Maryland
44%
Bankers Life Fieldhouse UFC Fight Night: Condit vs. Kampmann 2Aug 28, 2013 1 Indianapolis, Indiana
44%
Conseco Fieldhouse UFC 119: Mir vs. Cro CopSep 25, 2010 1 Indianapolis, Indiana
44%
Echo Arena UFC Fight Night: Thompson vs. TillMay 27, 2018 1 Liverpool, England
44%
Wachovia Center UFC 101: DeclarationAug 8, 2009 1 Philadelphia, Pennsylvania
44%
Wells Fargo Center UFC 133: Evans vs. OrtizAug 6, 2011 2 Philadelphia, Pennsylvania
44%
Amalie Arena UFC on Fox: Teixeira vs. EvansApr 16, 2016 3 Tampa, Florida
44%
USF Sun Dome UFC Fight Night: Lauzon vs. StephensFeb 7, 2009 1 Tampa, Florida
44%
Honda Center UFC 59: Reality CheckApr 15, 2006 10 Anaheim, California
41%
Brisbane Entertainment Centre UFC Fight Night: Hunt vs. BigfootDec 7, 2013 2 Brisbane, Australia
41%
Quicken Loans Arena UFC 203: Miocic vs. OvereemSep 10, 2016 1 Cleveland, Ohio
41%
Chesapeake Energy Arena UFC Fight Night: Chiesa vs. LeeJun 25, 2017 1 Oklahoma City, Oklahoma
41%
Cox Convention Center UFC Fight Night: Diaz vs. GuillardSep 16, 2009 1 Oklahoma City, Oklahoma
41%
Moda Center UFC Fight Night: Lineker vs. DodsonOct 1, 2016 1 Portland, Oregon
41%
Rose Garden UFC 102: Couture vs. NogueiraAug 29, 2009 1 Portland, Oregon
41%
Marine Corps Air Station Miramar UFC Fight Night: Sanchez vs. RiggsDec 13, 2006 1 San Diego, California
41%
Pechanga Arena UFC Live: Jones vs. MatyushenkoAug 1, 2010 3 San Diego, California
41%
Buffalo Memorial Auditorium UFC 7: The Brawl in BuffaloSep 8, 1995 1 Buffalo, New York
39%
KeyBank Center UFC 210: Cormier vs. Johnson 2Apr 8, 2017 1 Buffalo, New York
39%
Prudential Center UFC 78: ValidationNov 17, 2007 11 Newark, New Jersey
39%
Canadian Tire Centre UFC Fight Night: Iaquinta vs. CowboyMay 4, 2019 1 Ottawa, Ontario
39%
TD Place Arena UFC Fight Night: MacDonald vs. ThompsonJun 18, 2016 1 Ottawa, Ontario
39%
Olympic Gymnastics Arena UFC Fight Night: Henderson vs. MasvidalNov 28, 2015 1 Seoul, South Korea
39%
Adelaide Entertainment Centre UFC Fight Night: Miocic vs. HuntMay 10, 2015 2 Adelaide, Australia
37%
Baku Crystal Hall UFC on ABC: Hill vs. Rountree Jr.Jun 21, 2025 1 Baku, Azerbaijan
37%
Ginásio Nilson Nelson UFC Fight Night: Bigfoot vs. ArlovskiSep 13, 2014 3 Brasília, Brazil
37%
Rogers Place UFC 215: Nunes vs. Shevchenko 2Sep 9, 2017 3 Edmonton, Alberta
37%
KFC Yum! Center UFC Live: Sanchez vs. KampmannMar 3, 2011 2 Louisville, Kentucky
37%
Consol Energy Center UFC Live: Kongo vs. BarryJun 26, 2011 2 Pittsburgh, Pennsylvania
37%
PPG Paints Arena UFC Fight Night: Rockhold vs. BranchSep 16, 2017 1 Pittsburgh, Pennsylvania
37%
SAP Center UFC 139: Shogun vs. HendersonNov 19, 2011 4 San Jose, California
37%
Boutwell Memorial Auditorium UFC 14: ShowdownJul 27, 1997 2 Birmingham, Alabama
34%
Fair Park Arena UFC 10: The TournamentJul 12, 1996 2 Birmingham, Alabama
34%
LG Arena UFC 138: Leben vs. MuñozNov 5, 2011 1 Birmingham, England
34%
National Indoor Arena UFC 89: Bisping vs. LebenOct 18, 2008 1 Birmingham, England
34%
Boardwalk Hall UFC 41: OnslaughtFeb 28, 2003 5 Atlantic City, New Jersey
32%
Etess Arena at Trump Taj Mahal UFC 28: High StakesNov 17, 2000 3 Atlantic City, New Jersey
32%
Revel Casino Hotel UFC on FX: Maynard vs. GuidaJun 22, 2012 2 Atlantic City, New Jersey
32%
U.S. Bank Arena UFC 77: Hostile TerritoryOct 20, 2007 2 Cincinnati, Ohio
32%
Nationwide Arena UFC 68: The UprisingMar 3, 2007 4 Columbus, Ohio
32%
BMO Harris Bradley Center UFC Live: Hardy vs. LytleAug 14, 2011 2 Milwaukee, Wisconsin
32%
Fiserv Forum UFC on Fox: Lee vs. Iaquinta 2Dec 15, 2018 1 Milwaukee, Wisconsin
32%
Oracle Arena UFC 117: Silva vs. SonnenAug 7, 2010 1 Oakland, California
32%
anb Arena UFC Fight Night: Adesanya vs. ImavovFeb 1, 2025 1 Riyadh, Saudi Arabia
32%
Kingdom Arena UFC on ABC: Whittaker vs. AliskerovJun 22, 2024 1 Riyadh, Saudi Arabia
32%
Spark Arena UFC Fight Night: Lewis vs. HuntJun 11, 2017 2 Auckland, New Zealand
29%
Vector Arena UFC Fight Night: Te Huna vs. MarquardtJun 28, 2014 1 Auckland, New Zealand
29%
Barclays Center UFC 208: Holm vs. de RandamieFeb 11, 2017 3 Brooklyn, New York
29%
Estadio Mary Terán de Weiss UFC Fight Night: Magny vs. PonzinibbioNov 17, 2018 1 Buenos Aires, Argentina
29%
Royal Arena UFC Fight Night: Hermansson vs. CannonierSep 28, 2019 1 Copenhagen, Denmark
29%
Wells Fargo Arena UFC on ESPN: Sandhagen vs. FigueiredoMay 3, 2025 1 Des Moines, Iowa
29%
Singapore Indoor Stadium UFC Fight Night: Holm vs. CorreiaJun 17, 2017 5 Kallang, Singapore
29%
FedExForum UFC 107: Penn vs. SanchezDec 12, 2009 1 Memphis, Tennessee
29%
Avicii Arena UFC on Fuel TV: Gustafsson vs. SilvaApr 14, 2012 4 Stockholm, Sweden
29%
Ericsson Globe UFC Fight Night: Gustafsson vs. TeixeiraMay 28, 2017 1 Stockholm, Sweden
29%
Tele2 Arena UFC on Fox: Gustafsson vs. JohnsonJan 24, 2015 1 Stockholm, Sweden
29%
Times Union Center UFC Fight Night: Lewis vs. AbdurakhimovDec 9, 2016 1 Albany, New York
27%
Arena Monterrey The Ultimate Fighter Latin America 2 Finale: Magny vs. GastelumNov 21, 2015 1 Monterrey, Mexico
27%
Omaha Civic Auditorium UFC Fight Night: Diaz vs. NeerSep 17, 2008 2 Omaha, Nebraska
27%
Yubileyny Sports Palace UFC Fight Night: Overeem vs. OleinikApr 20, 2019 1 Saint Petersburg, Russia
27%
Movistar Arena UFC Fight Night: Maia vs. UsmanMay 19, 2018 1 Santiago, Chile
27%
Canada Life Centre UFC 161: Evans vs. Henderson Jun 15, 2013 2 Winnipeg, Manitoba
27%
Tingley Coliseum UFC Fight Night: Henderson vs. KhabilovJun 7, 2014 1 Albuquerque, New Mexico
24%
The Odyssey UFC 72: VictoryJun 16, 2007 1 Belfast, Northern Ireland
24%
The SSE Arena UFC Fight Night: Mousasi vs. Hall 2Nov 19, 2016 1 Belfast, Northern Ireland
24%
CenturyLink Arena UFC Fight Night: dos Santos vs. IvanovJul 14, 2018 1 Boise, Idaho
24%
Scotiabank Saddledome UFC 149: Faber vs. BarãoJul 21, 2012 2 Calgary, Alberta
24%
Marina Bay Sands UFC Fight Night: Saffiedine vs. LimJan 4, 2014 1 Marina Bay, Singapore
24%
Arena Zagreb UFC Fight Night: Rothwell vs. dos SantosApr 10, 2016 1 Zagreb, Croatia
24%
The SSE Hydro UFC Fight Night: Bisping vs. LeitesJul 18, 2015 2 Glasgow, Scotland
22%
PNC Arena UFC Fight Night: Blaydes vs. dos SantosJan 25, 2020 1 Raleigh, North Carolina
22%
BOK Center UFC Fight Night: Henderson vs. dos AnjosAug 23, 2014 1 Tulsa, Oklahoma
22%
Expo Square Pavilion UFC 4: Revenge of the WarriorsDec 16, 1994 1 Tulsa, Oklahoma
22%
Yokohama Arena UFC Japan: Ultimate JapanDec 21, 1997 1 Yokohama, Japan
20%
Augusta Civic Center UFC 11: The Proving GroundSep 20, 1996 2 Augusta, Georgia
17%
Centro de Formação Olímpica do Nordeste UFC Fight Night: Belfort vs. GastelumMar 11, 2017 2 Fortaleza, Brazil
17%
Ginásio Paulo Sarasate UFC on Fuel TV: Nogueira vs. WerdumJun 8, 2013 1 Fortaleza, Brazil
17%
Save Mart Center UFC Fight Night: Swanson vs. OrtegaDec 9, 2017 1 Fresno, California
17%
Mobile Civic Center UFC 17: RedemptionMay 15, 1998 1 Mobile, Alabama
17%
Rotterdam Ahoy UFC Fight Night: Overeem vs. ArlovskiMay 8, 2016 2 Rotterdam, Netherlands
17%
Mineirinho Arena UFC 147: Silva vs. Franklin IIJun 23, 2012 2 Belo Horizonte, Brazil
15%
1stBank Center UFC Live: Vera vs. JonesMar 21, 2010 2 Broomfield, Colorado
15%
Broomfield Event Center UFC Fight Night: Florian vs. LauzonApr 2, 2008 1 Broomfield, Colorado
15%
Gila River Arena UFC on Fox: Poirier vs. GaethjeApr 14, 2018 2 Glendale, Arizona
15%
Barclaycard Arena UFC Fight Night: Arlovski vs. BarnettSep 3, 2016 2 Hamburg, Germany
15%
Cotai Arena UFC on Fuel TV: Franklin vs. LeNov 10, 2012 3 Macau, China
15%
Galaxy Arena UFC Fight Night: Yan vs. FigueiredoNov 23, 2024 1 Macau, China
15%
Antel Arena UFC Fight Night: Shevchenko vs. Carmouche 2Aug 10, 2019 1 Montevideo, Uruguay
15%
Metro Radio Arena UFC 80: Rapid FireJan 19, 2008 1 Newcastle, England
15%
Ted Constant Convocation Center UFC Fight Night: Poirier vs. PettisNov 11, 2017 1 Norfolk, Virginia
15%
O2 Arena UFC Fight Night: Błachowicz vs. SantosFeb 23, 2019 1 Prague, Czech Republic
15%
Saitama Super Arena UFC 144: Edgar vs. HendersonFeb 26, 2012 5 Saitama, Japan
15%
Intrust Bank Arena UFC Fight Night: Lewis vs. dos SantosMar 9, 2019 1 Wichita, Kansas
15%
Sajik Arena UFC Fight Night: Edgar vs. The Korean ZombieDec 21, 2019 1 Busan, South Korea
12%
Lanxess Arena UFC 99: The ComebackJun 13, 2009 1 Cologne, Germany
12%
Gold Coast Convention and Exhibition Centre UFC on FX: Sotiropoulos vs. PearsonDec 15, 2012 1 Gold Coast, Australia
12%
Scotiabank Centre UFC Fight Night: MacDonald vs. SaffiedineOct 4, 2014 2 Halifax, Nova Scotia
12%
Intuit Dome UFC 311: Makhachev vs. MoicanoJan 18, 2025 1 Inglewood, California
12%
The Forum UFC 199: Rockhold vs. Bisping 2Jun 4, 2016 2 Inglewood, California
12%
Tauron Arena UFC Fight Night: Gonzaga vs. Cro Cop 2Apr 11, 2015 1 Kraków, Poland
12%
Pinnacle Bank Arena UFC Fight Night: Gaethje vs. VickAug 25, 2018 1 Lincoln, Nebraska
12%
Colisée Pepsi The Ultimate Fighter Nations Finale: Bisping vs. KennedyApr 16, 2014 1 Quebec City, Quebec
12%
Shenzhen Universiade Sports Centre UFC Fight Night: Andrade vs. ZhangAug 31, 2019 1 Shenzhen, China
12%
Casper Events Center UFC 6: Clash of the TitansJul 14, 1995 1 Casper, Wyoming
10%
EagleBank Arena UFC on Fuel TV: The Korean Zombie vs. PoirierMay 15, 2012 1 Fairfax, Virginia
10%
Patriot Center UFC Fight Night: Maynard vs. DiazJan 11, 2010 2 Fairfax, Virginia
10%
Goiânia Arena UFC Fight Night: Belfort vs. Henderson 2Nov 9, 2013 2 Goiânia, Brazil
10%
Seminole Hard Rock Hotel and Casino UFC Fight Night 6.5Oct 10, 2006 4 Hollywood, Florida
10%
Blue Cross Arena UFC Fight Night: dos Anjos vs. LeeMay 18, 2019 1 Rochester, New York
10%
SaskTel Centre UFC Fight Night: Holloway vs. OliveiraAug 23, 2015 1 Saskatoon, Saskatchewan
10%
Denny Sanford Premier Center UFC Fight Night: McDonald vs. LinekerJul 13, 2016 1 Sioux Falls, South Dakota
10%
Amerant Bank Arena UFC on FX: Johnson vs. McCall 2Jun 8, 2012 2 Sunrise, Florida
10%
Nassau Veterans Memorial Coliseum UFC on Fox: Weidman vs. GastelumJul 22, 2017 1 Uniondale, New York
10%
Arena Guilherme Paraense UFC Fight Night: Machida vs. AndersFeb 3, 2018 1 Belém, Brazil
7%
Arena da Baixada UFC 198: Werdum vs. MiocicMay 14, 2016 1 Curitiba, Brazil
7%
Arena at Gwinnett Center UFC Fight Night: Rockhold vs. PhilippouJan 15, 2014 1 Duluth, Georgia
7%
Continental Airlines Arena UFC 32: Showdown in the MeadowlandsJun 29, 2001 1 East Rutherford, New Jersey
7%
Meadowlands Arena UFC on Fox: Diaz vs. MillerMay 5, 2012 1 East Rutherford, New Jersey
7%
Ergo Arena UFC Fight Night: Cowboy vs. TillOct 21, 2017 1 Gdańsk, Poland
7%
Bon Secours Wellness Arena UFC Fight Night: Moicano vs. The Korean ZombieJun 22, 2019 1 Greenville, South Carolina
7%
Lake Charles Civic Center UFC 22: Only One Can be ChampionSep 24, 1999 2 Lake Charles, Louisiana
7%
Mall of Asia Arena UFC Fight Night: Edgar vs. FaberMay 16, 2015 1 Pasay, Philippines
7%
Ginásio Gigantinho UFC Fight Night: Bigfoot vs. MirFeb 22, 2015 1 Porto Alegre, Brazil
7%
Adirondack Bank Center UFC Fight Night: Rivera vs. MoraesJun 1, 2018 1 Utica, New York
7%
UBS Arena UFC on ABC: Ortega vs. RodríguezJul 16, 2022 1 Elmont, New York
5%
Fort Campbell UFC: Fight for the Troops 3Nov 6, 2013 1 Fort Campbell, Kentucky
5%
Fort Hood UFC: Fight for the Troops 2Jan 22, 2011 1 Fort Hood, Texas
5%
State Farm Arena UFC Fight Night: Poirier vs. JohnsonSep 17, 2016 1 Hidalgo, Texas
5%
Arena Jaraguá UFC on FX: Belfort vs. RockholdMay 18, 2013 2 Jaraguá do Sul, Brazil
5%
Avenir Centre UFC Fight Night: Volkan vs. SmithOct 27, 2018 1 Moncton, New Brunswick
5%
Motorpoint Arena UFC on Fuel TV: Struve vs. MiocicSep 29, 2012 1 Nottingham, England
5%
Santa Ana Star Center UFC Fight Night: Anderson vs. Błachowicz 2Feb 15, 2020 1 Rio Rancho, New Mexico
5%
Allstate Arena UFC 90: Silva vs. CôtéOct 25, 2008 1 Rosemont, Illinois
5%
Cross Insurance Center UFC Fight Night: Bader vs. Saint PreuxAug 16, 2014 1 Bangor, Maine
2%
Casino Magic Bay St. Louis UFC 15: Collision CourseOct 17, 1997 2 Bay St. Louis, Mississippi
2%
CenturyTel Center UFC 37: High ImpactMay 10, 2002 1 Bossier City, Louisiana
2%
Five Seasons Events Center UFC 21: Return of the ChampionsJul 16, 1999 2 Cedar Rapids, Iowa
2%
Dothan Civic Center UFC 12: Judgement DayFeb 7, 1997 1 Dothan, Alabama
2%
Crown Coliseum UFC: Fight for the TroopsDec 10, 2008 1 Fayetteville, North Carolina
2%
Foxwoods Resort Casino UFC Fight Night: Jacaré vs. MousasiSep 5, 2014 1 Ledyard, Connecticut
2%
Ginásio Nélio Dias UFC Fight Night: Shogun vs. Henderson 2Mar 23, 2014 1 Natal, Brazil
2%
Ginásio Municipal Tancredo Neves UFC Fight Night: Shogun vs. Saint PreuxNov 8, 2014 1 Uberlândia, Brazil
2%
Mohegan Sun Arena UFC 35: ThrowdownJan 11, 2002 4 Uncasville, Connecticut
2%
Ginásio José Corrêa UFC Fight Night: Maia vs. ShieldsOct 9, 2013 2 Barueri, Brazil
0%
Coliseo Rubén Rodríguez UFC 8: David vs. GoliathFeb 16, 1996 1 Bayamón, Puerto Rico
0%
Rudolf Weber-Arena UFC 122: Marquardt vs. OkamiNov 13, 2010 1 Oberhausen, Germany
0%
No matching quizzes found
Score Distribution
Percent of People with Each Score
Percentile by Number Answered
Your Score History
You have not taken this quiz